00816nam a2200289Ia 450000500170000000800410001702000150005804000180007304100080009108200220009910000190012124500520014025000120019226000380020430000340024265000210027665000370029765000320033465000330036665000240039970000180042370000180044170000160045970000170047570000150049270000190050720220817135313.0210716s2002 xx 000 0 und d a8174462767 cAIMIT LIBRARY aeng a006.671 21bSINA aSinghal, Alok. aProgramming in java /cBy Alok Singhal.,[et.al] a1st ed. aNew Delhi :bExcel Books ,c2002. aviii, 364p. ;bPB :c23.5 cm. aJava Programming aData types, Variables and Arrays aMulti threaded Programming  aApplets and Input and Output aExploring Java.lang aMishra, Adhir aBhutani, K K. aShukla, K N aJaiswal, K R aSingh, S K aKumar, Upendra